Responses for Show #8173 - Wednesday, March 4, 2020

Paul Trifiletti game 1.

Contestants

[<< previous game]

Margaret Beaton, a health policy analyst from Shrewsbury, Massachusetts

Paul Trifiletti, an attorney from Athens, Georgia

Mike Upchurch, a writer from Chicago, Illinois (whose 1-day cash winnings total $26,600)

[next game >>]

Jeopardy! Round responses

CURRENT SPORTS NICKNAMES
NEGATIVE THOUGHTS
AMERICA'S RICHEST SELF-MADE WOMEN
(Alex: According to Forbes 2019 list.)
HOW DOES YOUR GARDEN GROW?
HELLER
HIGH WATER
    $200 5
"The Joker"

Margaret
    $200 13
pessimist

Paul
    $200 27
eBay

Mike
    $200 1
U.S. Department of Agriculture

Mike
    $200 22
the Second Amendment

Mike
    $200 10
Simba

Paul
    $400 6
"Super Mario"

Mike
    $400 15
cancel

Mike
    $400 29
Spanx

Mike
    $400 2
compost

Margaret
    $400 24
the LDS faith (Mormon Church)

Paul
    $400 11
Tibet

Mike
    $600 9
darts

Paul
    $600 16
veto

Mike
    $1,000 30
American Girl

Mike
    $600 7
mint

Paul
    $600 25
(Alex: With less than a minute to go.)

Straight Outta Compton

Mike
    $600 14
the bends

Mike
    $800 21
(Paul: What is a badger?)
(Alex: Be more specific.)

a honey badger

Paul
    $800 17
(Margaret: What is renounce?)

refuse

Margaret
Triple Stumper
    $800 4
Proactiv

Triple Stumper
    $800 8
a pesticide (insecticide)

Margaret
    $800 26
Chicago

Margaret
    $800 19
the salmon

Paul
    $1000 23
(Paul: What is "Do a 180"?)

"The Process"

Paul
Triple Stumper
    $1000 18
disavow

Paul
    $1000 3
(Mike: Who is Rowling?)

Nora Roberts

Mike
Triple Stumper
    $1000 12
germination

Mike
    $1000 28
a bombardier

Mike
    $1000 20
Iran

Margaret

Scores at the first commercial break (after clue 15):

Mike Paul Margaret
$2,000 $1,600 $1,400

Scores at the end of the Jeopardy! Round:

Mike Paul Margaret
$6,000 $3,600 $2,400

Double Jeopardy! Round responses

THE JEFFERSONIAN ERA
FROM SNL TO THE MOVIES
SCIENCE
ANCIENT GREEK & ROMAN ARCHITECTURE
FILL IN THE TONY-WINNING PLAY TITLE
GIVING OUT "IOUS"
    $400 4
the Louisiana Purchase

Paul
    $400 2
Wayne's World

Mike
    $400 9
osmosis

Margaret
    $400 18
a pool

Mike
    $400 26
(Mike: What are "the Deathly Hallows"?)

"the Cursed Child"

MikeMargaret
    $400 1
amphibious

Mike
    $800 5
(Mike: Who are the Whigs?)

the Federalists

MikePaul
    $800 3
The Blues Brothers

Paul
    $800 10
serotonin

Margaret
    $800 19
(Margaret: What is a muse?)

a god

Margaret
Triple Stumper
    $800 14
voracious

Margaret
    $1200 6
prophet

Paul
    $1200 20
MacGruber

Mike
    $2,400 11
(Margaret: What is... [*]?)
[Margaret was ruled incorrect and the decision was reversed when the next Daily Double was uncovered.]

apogee (*apex)

Margaret
    $1200 23
(Alex: Less than a minute now.)

a reading room

Margaret
    $1200 15
malicious

Margaret
    $1600 7
Marbury v. Madison

Paul
    $1600 21
Coneheads

Triple Stumper
    $1600 12
the anther

Triple Stumper
    $1600 24
Necropolis

Paul
    $1600 16
superstitious

Margaret
    $2000 8
Parson Weems

Triple Stumper
    $2000 22
(former Senator) Al Franken

Triple Stumper
    $2000 13
(Paul: What is "fucome"?)

a farad

Paul
Triple Stumper
    $3,000 25
a hippodrome

Paul
    $2000 17
fallacious

Margaret

Scores at the end of the Double Jeopardy! Round:

Mike Paul Margaret
$7,200 $11,000 $12,400

[wagering suggestions for these scores]

Final Jeopardy! Round responses

20th CENTURY ARTISTS
MikeWho is Dali?
$6,300
PaulWho was S. Dali?
$10,000
MargaretWho is Diego Rivera?
$9,601
(Salvador) Dali

Final scores:

Mike Paul Margaret
$13,500 $21,000 $2,799
2nd place: $2,000 New champion: $21,000 3rd place: $1,000

Game dynamics:

Coryat scores:

Mike Paul Margaret
$6,800 $10,000 $11,200
17 R
(including 1 DD),
3 W
15 R
(including 1 DD),
2 W
14 R
(including 1 DD),
2 W

Combined Coryat: $28,000

[game clues] [game scores] [suggest correction]

Game tape date: 2020-01-07
The J! Archive is created by fans, for fans. Scraping, republication, monetization, and malicious use prohibited; this site may use cookies and collect identifying information. See terms. The Jeopardy! game show and all elements thereof, including but not limited to copyright and trademark thereto, are the property of Jeopardy Productions, Inc. and are protected under law. This website is not affiliated with, sponsored by, or operated by Jeopardy Productions, Inc. Join the discussion at JBoard.tv.